At the Margins of Empire: Frontiers and Boundaries in British India (Record no. 1715169)

MARC details
000 -LEADER
fixed length control field 00337 a2200121 4500
000 - LEADER
fixed length control field nam a22 7a 4500
005 - DATE AND TIME OF LATEST TRANSACTION
control field 20260312101626.0
020 ## - INTERNATIONAL STANDARD BOOK NUMBER
International Standard Book Number 9781041195344
100 ## - MAIN ENTRY--PERSONAL NAME
Personal name Lipokmar Dzüvichü
9 (RLIN) 1131740
245 ## - TITLE STATEMENT
Title At the Margins of Empire: Frontiers and Boundaries in British India
260 ## - PUBLICATION, DISTRIBUTION, ETC.
Name of publisher, distributor, etc. Routledge
Date of publication, distribution, etc. 2026
942 ## - ADDED ENTRY ELEMENTS (KOHA)
Koha item type Textual
Holdings
Withdrawn status Lost status Source of classification or shelving scheme Damaged status Not for loan Home library Current library Date acquired Source of acquisition Total Checkouts Date last seen Price effective from Koha item type
    Colon Classification (CC)   Ordered South Campus Library South Campus Library 2026-03-12 Excel Book International   2026-03-12 2026-03-12 Textual
Copyright @ Delhi University Library System